00689nam a22002057a 450000500170000001000150001702000260003203500130005803700130007108200120008410000200009624501420011626000430025827000500030130000340035150000190038565000160040465000370042065000260045720160425121827.0 aENG-115078 a9789339222512c825.00 aEN-98610 bDBAD/PUB a006.312 aTierney,Brendan aPredictive analytics using Oracle data miner :cby Brendan Tierneybdevelop & use data mining models in Oracle Data Miner, SQL & PL/SQL / aNew DelhibMcGraw Hill Educationc2015 aP-24, Green Park ExtensionbNew Delhie110016 axxii,436p. :c24cm(pbk)bill. aIncludes index aData mining aForecastingxStatistical methods aOracle(Computer file)